00546nam a2200181Ia 450000500170000000800410001708200190005810000220007724500320009926000430013130000120017465000190018665000210020565000220022694200060024895200950025499900150034920250227022252.0240331s9999 xx 000 0 und d bSUB21397a920 aSubramaniam, K. N 0aIlakkiya Saathanaiyaalarkal aChennaibManivaasakar Pathipakamc1988 a208 p., aLiterary Works aTamil Literature aLiterary Creators cL 001040708LaWERCLbWERCLcSSCd2024-03-31l0o 920 SUBp1397r2024-03-31w2024-03-31yL c4243d4243